| 000 | 00455nam a22001697a 4500 | ||
|---|---|---|---|
| 005 | 20240108113237.0 | ||
| 008 | 220210b ||||| |||| 00| 0 eng d | ||
| 020 | _a978-93-5164-195-7 | ||
| 041 | _aeng | ||
| 082 | _a610 | ||
| 100 |
_aTATIYA, DR.A.U, GOKHALE S.B , SURANA Dr. SJ AND GOKHALE Dr. ALPANA _98284 |
||
| 245 | _aHERBAL COSMECEUTICALS- I | ||
| 260 |
_aPUNE _b NIRALI PRAKASHAN |
||
| 300 | _a1.8;p | ||
| 650 |
_aPHARMACY _xB.PHARMA |
||
| 942 | _cBK | ||
| 999 |
_c7897 _d7895 |
||